| 000 | 00568cam6a220019300 4500 | ||
|---|---|---|---|
| 001 | tmp15418055 | ||
| 003 | UPRA | ||
| 005 | 20190830124238.0 | ||
| 008 | 950809s1966 mw f eng u | ||
| 035 | _a(Sirsi) r116655 | ||
| 035 | _a(UPRA)tmp15418055 | ||
| 040 | _cUPRA | ||
| 110 | 1 |
_bMinistry of Trade and Industry. _6A33996.1 |
|
| 245 | 1 | 0 |
_aMalawi : _bprospects for industrial development. |
| 260 |
_a[Limbe, _c1966] |
||
| 650 | 0 |
_aIndustries -- Malawi. _zIndustries -- Malawi. _6S25795.1 |
|
| 949 |
_aHC517 _wlcc _i-168056 _mMAIN _tBOOK _lON-SHELF |
||
| 004 | 116655 | ||
| 999 |
_c200630 _d200630 |
||